000 00706nam a2200205 a 4500
008 120416s1974 ||||||||||||||||| || u
020 _a019501801X
050 _aHG 3881 Mei
100 _aMeier, Gerald M
245 1 0 _aProblems of a world monetary order
260 _aNew York
_bOxford University Press
_c1974
300 _axiii, 305p. : ill.
350 _a0.00
650 _aCURRENCY QUESTION
650 0 _aFINANCE--DEVELOPING COUNTRIES
650 _aINTERNATIONAL FINANCE
650 _aBALANCE OF PAYMENTS
650 _aDOLLAR, AMERICAN
995 _D0.00
_FCBU-MAIN LIBRARY (Kitwe)
_H1
_I5.95
_M1
_UAVAILABLE
_ZAnnex Low-Usage Collection
999 _c54799
_d54799